000 00764nam a2200253Ia 4500
003 OSt
005 20220918171208.0
006 a|||||r|||| 00| 0
007 ta
008 220917b |||||||| |||| 00| 0 eng d
020 _a9781405193580 (pbk)
_c2434.15
024 _a280,669
037 _b13115938, 25/03/2014, Atlantic Publisher & Dist.Pvt.Ltd.
_cTextual
040 _aARTS
_cARTS
_beng
041 _2eng
_aeng
082 _aP, Q4
100 _aWei Li Ed.
_932428
245 0 _aApplied linguistics
260 _aWest Sussax
_b John Wiley & Sons U.S.A
_c2014
300 _ax, 318p.
_ccm.
650 _aLINGUISTICS
942 _hP, Q4
_cTEXL
_2CC
999 _c138261
_d138261